00618nam a2200145Ia 4500008004100000100001800041245012100059245001600180260000900196300002900205440003000234650011700264999001900381952007200400171207s9999 xx 000 0 und d aWargo, Jon M. a“Every selfie tells a story …”: LGBTQ youth lifestreams and new media narratives as connective identity texts  cJon M Wargo c2017 apages 560-78, April 2017 aNew Media & Societyv19:4 aDIGITAL PHOTOGRAPHY, GENDER, IDENTITY, LGBTQ YOUTH, LIFE STREAM, NARRATIVE, NEW MEDIA, SELFIE, TUMBLR, VISUALITY c347551d347551 001040aCLbCLd2017-12-07l0r2017-12-07 00:00:00w2017-12-07ySE